Trail of the Wild West / (Record no. 8961)

MARC details
000 -LEADER
fixed length control field 01052cam a2200301 a 4500
001 - CONTROL NUMBER
control field 8961
003 - CONTROL NUMBER IDENTIFIER
control field FISKH
005 - DATE AND TIME OF LATEST TRANSACTION
control field 20251111144316.0
008 - FIXED-LENGTH DATA ELEMENTS--GENERAL INFORMATION
fixed length control field 970401s1997 dcuab b 001 0 eng
010 ## - LIBRARY OF CONGRESS CONTROL NUMBER
LC control number 97014043
020 ## - INTERNATIONAL STANDARD BOOK NUMBER
International Standard Book Number 0792270215
020 ## - INTERNATIONAL STANDARD BOOK NUMBER
International Standard Book Number 9780792270218
035 ## - SYSTEM CONTROL NUMBER
System control number 4488615
040 ## - CATALOGING SOURCE
Original cataloging agency DLC
Transcribing agency DLC
Modifying agency DLC
Language of cataloging eng
050 00 - LIBRARY OF CONGRESS CALL NUMBER
Classification number F590.7
Item number .W36 1997
082 00 - DEWEY DECIMAL CLASSIFICATION NUMBER
Classification number 978
Edition number 21
100 1# - MAIN ENTRY--PERSONAL NAME
Personal name Walker, Paul Robert.
245 10 - TITLE STATEMENT
Title Trail of the Wild West /
Statement of responsibility, etc. Paul Robert Walker.
260 ## - PUBLICATION, DISTRIBUTION, ETC.
Place of publication, distribution, etc. Washington :
Name of publisher, distributor, etc. National Geographic Society,
Date of publication, distribution, etc. 1997.
300 ## - PHYSICAL DESCRIPTION
Extent 232 pages :
Other physical details color illustrations ; maps ;
Dimensions 23 x 29 cm.
504 ## - BIBLIOGRAPHY, ETC. NOTE
Bibliography, etc. note Includes bibliographical references (p. 231) and index.
520 ## - SUMMARY, ETC.
Summary, etc. This illustrated text will inform the reader of the wild west, from Gold Rush to California, cattle trai ls, making of the railroad, to the Indian Wars. '<br/>
651 #0 - SUBJECT ADDED ENTRY--GEOGRAPHIC NAME
Geographic name West (U.S.)
General subdivision History
-- Pictorial works.
651 #0 - SUBJECT ADDED ENTRY--GEOGRAPHIC NAME
Geographic name West (U.S.)
General subdivision History.
906 ## - LOCAL DATA ELEMENT F, LDF (RLIN)
a 7
b cbc
c orignew
d 1
e ocip
f 19
g y-gencatlg
942 ## - ADDED ENTRY ELEMENTS (KOHA)
Source of classification or shelving scheme Dewey Decimal Classification
Koha item type Books
Suppress in OPAC No
Holdings
Withdrawn status Lost status Source of classification or shelving scheme Damaged status Not for loan Collection Home library Current library Shelving location Date acquired Total Checkouts Full call number Barcode Date last seen Copy number Price effective from Koha item type
    Dewey Decimal Classification     Non-Fiction Footprints International School Library Network Toul Tom Poung Campus Footprints International School Library Network Toul Tom Poung Campus TTP Secondary Non-Fiction Bookshelves 11/11/2025   WAL 978 F590 .W36 2025-5126 11/11/2025 1 11/11/2025 Books